000 00365nam a2200121 i 4500
001 bg
245 0 _aStateczność pojedynczych fundamentów blokowych oraz słupowych z płytami poprzecznymi :
_bpraca zbiorowa /
_cpod red. E. Dombickiego.
260 _aWarszawa,
_c1981.
040 _cBPK
041 _apol
942 _cKS
008 s pl f |000 0 pol
999 _c5209
_d5209
856 _uhttp://koha.tu.koszalin.pl/cgi-bin/koha/opac-detail.pl?biblionumber=5209
_yKatalog online BPK